| 000 | 00607nam a2200193 i 4500 | ||
|---|---|---|---|
| 001 | bg | ||
| 245 | 0 | 0 |
_aPrzetwory owocowe, warzywne i warzywno-mięsne : _bzestaw norm. |
| 260 |
_aWarszawa : _bAlfa-Wero, _c1994. |
||
| 300 |
_awiele liczb. [67] s. ; _c30 cm. |
||
| 650 | 9 |
_aOwoce _xkonserwacja _xnormalizacja |
|
| 650 | 9 |
_aWarzywa _xkonserwacja _xnormalizacja |
|
| 650 | 9 |
_aMięso _xkonserwacja _xnormalizacja |
|
| 040 | _cBPK | ||
| 041 | 0 | _apl | |
| 080 | _a634+635+637:664.8/.9](083.74) | ||
| 942 | _cKA | ||
| 008 | s pl f |000 0 pol | ||
| 999 |
_c34994 _d34994 |
||
| 856 |
_uhttp://koha.tu.koszalin.pl/cgi-bin/koha/opac-detail.pl?biblionumber=34994 _yKatalog online BPK |
||